Numerical Methods and Applications. (Record no. 3079)

000 -LEADER
fixed length control field 00460nam a2200157 a 4500
020 ## - INTERNATIONAL STANDARD BOOK NUMBER
ISBN 8131505820 (paperback)
020 ## - INTERNATIONAL STANDARD BOOK NUMBER
ISBN 9788131505823 (paperback)
082 ## - DEWEY DECIMAL CLASSIFICATION NUMBER
Classification number 518CHE
100 ## - MAIN ENTRY--AUTHOR NAME
Personal name CHeney,Ward
245 00 - TITLE STATEMENT
Title Numerical Methods and Applications.
260 ## - PUBLICATION, DISTRIBUTION, ETC. (IMPRINT)
Place of publication New Delhi
Name of publisher CENEAGE LEARNING INDIA PVT LTD,
Year of publication 2008
300 ## - PHYSICAL DESCRIPTION
Number of Pages 587p.
650 ## - SUBJECT ADDED ENTRY--TOPICAL TERM
Topical Term Numerical analysis
856 40 - ELECTRONIC LOCATION AND ACCESS
Uniform Resource Identifier http://www.amazon.com/exec/obidos/ASIN/8131505820/chopaconline-20
942 ## - ADDED ENTRY ELEMENTS (KOHA)
Koha item type Books
Holdings
Withdrawn status Lost status Permanent Location Current Location Date acquired Cost, normal purchase price Full call number Accession Number Koha item type Collection code
    Library for Girls Library for Girls 2014-05-14 1417.00 518CHE 49481 Books  
    Reference Section Reference Section 2014-05-14 1417.00 518CHE (Shelf - 30B) 49482 Books Reference

Copyright © 2018,The QUEST, Nawabshah, Shaheed Benazirabad. All rights reserved
Mr. G. Farooq Channar (Librarian) QUEST, Nawabshah, Sindh, Pakistan 67480.
 Ph#: |   0244-9370381-4 Ext. 2308   Email| lib@quest.edu.pk   Web|  http://www.quest.edu.pk